000 00455nam a22001697a 4500
005 20250424124923.0
008 250424b |||||||| |||| 00| 0 eng d
041 _amar
082 _a891.46
_bMAN B22578
100 _aMandke S R
_9211648
245 _aHydrebad Mukta :
_bUddam Nijam Bhuisapat
260 _aPune
_bBharatiya Vichar Sadhana Prakashan
_c2012
300 _a108p
500 _aMarathi Literature
500 _aLiterature
942 _cBK
999 _c365955
_d365955